LIBRARY & INFORMATION CENTRE, KCAET, TAVANUR

ONLINE PUBLIC ACCESS CATALOGUE (OPAC)

Design, Development and Evaluation of an Automated Low tunnel for Hi-Tech Agriculture (Record no. 14895)

MARC details
000 -LEADER
fixed length control field 00751nam a22001817a 4500
003 - CONTROL NUMBER IDENTIFIER
control field OSt
088 ## - REPORT NUMBER
Report number P 365
100 ## - MAIN ENTRY--AUTHOR NAME
Personal name AISWARYA L
-- SHILPA S. SELVAN
245 ## - TITLE STATEMENT
Title Design, Development and Evaluation of an Automated Low tunnel for Hi-Tech Agriculture
260 ## - PUBLICATION, DISTRIBUTION, ETC. (IMPRINT)
Place of publication Tavanur 2017
Name of publisher Department of Land & Water Resources and Conservation Engineering
300 ## - PHYSICAL DESCRIPTION
Number of Pages 55
500 ## - GENERAL NOTE
General note Design, Development and Evaluation of an Automated Low tunnel for Hi-Tech Agriculture
520 ## - SUMMARY, ETC.
Summary, etc Design, Development and Evaluation of an Automated Low tunnel for Hi-Tech Agriculture
700 ## - ADDED ENTRY--PERSONAL NAME
Personal name Dr. Abdul Hakkim V.M (Guide)
856 ## - ELECTRONIC LOCATION AND ACCESS
Uniform Resource Identifier https://drive.google.com/open?id=1EKh_9b_1G6cF2Kge-RsGCe20fV5WEB2c
942 ## - ADDED ENTRY ELEMENTS (KOHA)
Koha item type Project Report
Holdings
Collection code Home library Current library Shelving location Full call number Accession Number Koha item type
Reference KAUAET KAUAET Reference 631.75807 AIS/DE P 365 Project Report
free website counter